| 000 | 00467nam a2200169 4500 | ||
|---|---|---|---|
| 003 | SEACOMMC | ||
| 005 | 20250430143502.0 | ||
| 008 | 250114b |||||||| |||| 00| 0 eng d | ||
| 020 |
_a978-81-3090-829-8 _cRs.295.00 |
||
| 040 | _aSEACOMMC | ||
| 082 |
_a070 _bA 964 |
||
| 100 | _a Awasthi, Dilip | ||
| 245 | 1 |
_aThe Special Correspondent : a Handbook for Reporters / _c Dilip Awasthi |
|
| 260 |
_a Kolkata _b Viva- Books _c 2007 |
||
| 650 | _a Journalism | ||
| 942 | _cBOOK | ||
| 999 |
_c998 _d998 |
||